00423nam a2200133 a 4500008004100000020001500041050001700056100002100073245010500094250001300199260005100212300001700263350000900280120416s1980 ||||||||||||||||| || u a0895170205 aHA 35.15 Shi aShiffler, Ronald10aSolutions manual to accompany James T. McClave and P. George Benson, statistics for business and eco arev. ed. aSan Francisco, [Cal.]bDellen Publishingc1980 a168p. : ill. a0.00